| 000 | 01121cam a2200241 4500 | ||
|---|---|---|---|
| 005 | 20250709094257.0 | ||
| 008 | 030917s2002 Ag 000 0 spa u | ||
| 020 | _a9505085346 | ||
| 050 | 0 | 4 |
_aKHA1009 _bG44 2002 |
| 100 | 1 | _aGhersi, Carlos Alberto | |
| 245 | 1 | 0 |
_aDaño moral y psicológico _b : Daño a la psiquis : Categorización socioeconómica y cultural, prueba y procedencia, Cálculos, Jurisprudencia Valor del ocio vacacional, Relaciones de familia, Ejercicio abusivo en el proceso judicial _c / Carlos Alberto Ghersi ; colaboradoras Celia Weingarten, Mónica Hise, Gabriela Rossello. |
| 246 | 1 | 3 | _aCuantificación económica |
| 250 |
_a2a. ed. _bactualizada y ampliada |
||
| 260 |
_aBuenos Aires : _bAstrea de Alfredo y Ricardo Depalma, _c2002 |
||
| 300 |
_axxiii, 299 p. _c20 cm. |
||
| 504 | _aBibliografía : p. 291-299 | ||
| 650 | 7 |
_2lemb _aDaños y perjuicios _zArgentina |
|
| 650 | 4 |
_aAgravios _xAspectos económicos _zArgentina |
|
| 700 | 1 |
_aWeingarten, Celia, _ecolaboradora |
|
| 700 | 1 |
_aHise, Mónica, _ecolaboradora |
|
| 700 | 1 |
_aRossello, Gabriela, _ecolaboradora |
|
| 942 |
_2lcc _cLIB |
||
| 999 |
_c133801 _d133801 |
||